Score 0/18 Timer 03:00
0 Plays Today
Geographical Feature Missing Word % Correct
Caspian ____Sea
97.9%
______ OlympusMount
96.4%
Great Barrier ______Reef
96.2%
Indian _______Ocean
95.4%
Easter _______Island
92.7%
English ________Channel
91.5%
Yangtze _______River
90.3%
____ of MexicoGulf
85.3%
____ of BengalBay
75.5%
Geographical Feature Missing Word % Correct
Iberian __________Peninsula
74.3%
Victoria ______Falls
72.9%
Florida ____Keys
67.3%
_____ BaikalLake
61.3%
Carpathian ___________Mountains
54.4%
Atacama ________Desert
42.7%
_____ of Juan de FucaStrait
34.7%
Great Dividing _______Range
32.1%
Tibetan ________Plateau
28.4%

Today's Daily Dose

Remove Ads.
Support Sporcle.
Get the best of Sporcle when you Go Orange. This ad-free experience offers more features, more stats, and more fun while also helping to support Sporcle. Thank you for becoming a member.

You're not logged in!

Compare scores with friends on all Sporcle quizzes.
OR
Log In

Show Comments

Extras

Top Quizzes Today


Score Distribution

Your Account Isn't Verified!

In order to create a playlist on Sporcle, you need to verify the email address you used during registration. Go to your Sporcle Settings to finish the process.

Report this User

Report this user for behavior that violates our Community Guidelines.

Details: